| 000 | 00835nam a2200253 a 4500 | ||
|---|---|---|---|
| 001 | 000024678 | ||
| 005 | 20250611121345.0 | ||
| 008 | 110131s1989 sp r 000 | spa d | ||
| 040 |
_aDO-SdBNP _bspa _cBNPHU |
||
| 041 |
_aeng _hspa _2Código de idioma MARC |
||
| 082 |
_a302 _bM322e |
||
| 100 | 1 |
_aMarcuse, Herbert, _d1898-1979 _95128 |
|
| 240 | 0 |
_aEros and civilization: a philosophical inquiry into Freud. _lespañol |
|
| 245 | 1 | 4 |
_aEros y civilización / _cHerbert Marcuse ; traducción de Juan García Ponce. |
| 260 |
_aBarcelona : _bAriel, _c1989. |
||
| 300 |
_a253 p. ; _c19 cm. |
||
| 490 | 1 |
_aAriel _v27. |
|
| 500 | _aIncluye nota al pie de páginas | ||
| 650 | 0 |
_aPsicología social _91574 |
|
| 650 | 0 |
_aCivilización _94943 |
|
| 700 | 1 |
_aGarcía Ponce, Juan _etr. _946983 |
|
| 830 | 0 |
_aAriel; _v27. _933302 |
|
| 049 | _aBNGR | ||
| 999 |
_c24171 _d24171 |
||